IFM Opac

The economic problem (Record no. 14346)

MARC details
000 -LEADER
fixed length control field 00402nam a22001697a 4500
020 ## - INTERNATIONAL STANDARD BOOK NUMBER
International Standard Book Number 0132333201
082 ## - DEWEY DECIMAL CLASSIFICATION NUMBER
Classification number 330HEI
100 ## - MAIN ENTRY--PERSONAL NAME
Personal name Heilbroner, Robert
245 ## - TITLE STATEMENT
Title The economic problem
250 ## - EDITION STATEMENT
Edition statement 4th ed
260 ## - PUBLICATION, DISTRIBUTION, ETC.
Place of publication, distribution, etc. London
Name of publisher, distributor, etc. Prentice - Hall
Date of publication, distribution, etc. 1975
300 ## - PHYSICAL DESCRIPTION
Extent xviii,714p
Other physical details ill,:25cm
500 ## - GENERAL NOTE
General note Includes index
650 ## - SUBJECT ADDED ENTRY--TOPICAL TERM
Topical term or geographic name entry element The economic problem
700 ## - ADDED ENTRY--PERSONAL NAME
Personal name Thurow, Lester
942 ## - ADDED ENTRY ELEMENTS (KOHA)
Koha item type Books
Holdings
Withdrawn status Lost status Damaged status Not for loan Home library Current library Shelving location Date acquired Total Checkouts Full call number Barcode Date last seen Price effective from Koha item type
Withdrawn       IFM Main Campus Library IFM Main Campus Library Archival Collection 12/17/2015   330HEI 0000015153 12/17/2015 02/19/2022 Books